000 00203 a2200097 4500
001 42866
100 _aBurke S.M
245 _a
260 _aIslamabad
_bthe asian study group
_c
090 _c26755
_d26755
942 _aNUST-CAE
_cM
_c18619
999 _c277939
_d277939